| 000 | 00868cam a2200205 4500 | ||
|---|---|---|---|
| 001 | WB3722-15 | ||
| 008 | 000000n2001 000 0 eng u | ||
| 035 | _a(Sirsi) u112976 | ||
| 245 | _aRICS offers free ombudsman membership | ||
| 260 | _c2001 | ||
| 490 |
_aRICS Press Release _v(pr075) 5 June 2001, (2) |
||
| 520 | _aThe RICS is promoting a special offer of free membership to the Estate Agent Ombudsman Scheme to its members in the property sector. The scheme provides independent, impartial and free complaints handling process for house buyers and sellers who are unhappy with the service provided by their property professional. | ||
| 590 | _aWB | ||
| 650 | _aRICS | ||
| 650 | _aPROPERTY PROFESSIONALS | ||
| 650 | _aESTATE AGENTS OMBUDSMAN | ||
| 650 | _aPROPERTY SECTOR | ||
| 690 | _aMANAGEMENT-BUSINESS MANAGEMENT-PROFESSIONAL PRACTICE | ||
| 942 | _n0 | ||
| 999 |
_c67257 _d67257 |
||